000 00287cam a2200133ua 4500
041 _amal
_h
082 _a894.812301
_bRAj/NE
100 _aRajaji, .
245 _aNeethikathakal /
_cRajaji.
_hTextual Documents
300 _a207 ; .
504 _a
942 _cBK
999 _c5959
_d5959